Statistics for Capitals in South America - 30 Second Sprint

Click here to take the quiz!

General Stats

  • This quiz has been taken 62 times
  • The average score is 10 of 12

Answer Stats

capital% Correct
Brasília
94%
Lima
94%
Buenos Aires
92%
Bogotá
88%
La Paz
88%
Montevideo
85%
Asunción
83%
Caracas
83%
Quito
81%
Santiago
81%
Georgetown
75%
Paramaribo
71%

Score Distribution

Percentile by Number Answered

Percent of People with Each Score

Your Score History

You have not taken this quiz